Statistiques concernant Littérature commençant par la lettre M

Cliquez ici pour prendre le quiz!

Statistiques générales

  • Ce quiz a été pris 1 437 fois
  • Le résultat moyen est 13 sur 20

Statistiques - réponses

IndicesRéponses% Correct
Mère de JésusMarie
100%
Enchanteur qui aide Arthur à arriver au trôneMerlin
97%
Écrivain réaliste auteur de Bel-AmiGuy de Maupassant
96%
Roman emblématique de la langue française suivant les aventures de Jean ValjeanLes {Misérables}
96%
Chien de TintinMilou
96%
Jean-Baptiste PoquelinMolière
96%
Thésée parvint à le tuerMinotaure
84%
Roman contant l'histoire d'un immense et féroce cachalot blanc du même nomMoby Dick
82%
Auteur et philosophe humaniste dont l'oeuvre principale sont les EssaisMichel de Montaigne
73%
Roi qui transformait en or tout ce qu'il touchaitMidas
65%
Dramaturge auteur du Jeu de l'amour et du hasardMarivaux
60%
Demi-sœur magicienne du roi Arthur qui est aussi son ennemieFée Morgane
55%
Fillette dotée de grandes capacités intellectuelles créée par Roal DahlMatilda
54%
Écrivain romantique qui eut une liaison avec George SandAlfred de Musset
50%
Auteur de ce romanHerman Melville
44%
Marquise qui expose dans ses lettres les codes du libertinage au vicomte de Valmont dans les Liaisons dangereusesMarquise de Merteuil
35%
Romancier français auteur de Et Après... ou plus récemment de La vie secrète des écrivainsGuillaume Musso
34%
Poète parnassien admirateur de Baudelaire et Poe, sur qui il écrivit un poèmeStéphane Mallarmé
23%
Auteure jeunesse chevalier des arts et des lettres à qui on doit La Sixième ou encore Lettres d'amour de 0 à 10Susie Morgenstern
8%
Poète pré-classique dont le fils Marc-Antoine est mort en se battant en duel en 1627François de Malherbe
5%

Distribution des résultats

Percentile par nombre de réponses

% des personnes avec chaque résultat

Votre développement - résultats

Vous n’avez pas pris ce quiz